000 00619nam a22001817a 4500
005 20251108170857.0
008 250721s1997 xx 000 0 ara d
082 1 4 _a658.403/حسن
100 1 _aمشرقي، حسن علي
245 1 0 _aنظرية القرارات الإدارية :
_bمدخل كمي في الإدارة /
264 1 _aعمان :
_bدار المسيرة للنشر و التوزيع،
_c1997.
300 _a378ص
650 1 7 _aالإدارة و التنظيم
650 1 7 _aالقرارات الإدارية
650 1 7 _aالقيادة الإدارية
942 _2ddc
_cBK
999 _c51131
_d51131